First Sentences of Order of the Phoenix (Chapters 1-19) Quiz Stats

 Plays Quiz not verified by Sporcle

Score 0/296 Timer 20:00
0 Plays Today
Hint Answer % Correct
Dudley Dementeda
100%
Dudley Dementeda
100%
The Ministry of MagicHarry
100%
The Ministry of Magicas
100%
The Ministry of Magicas
100%
The HearingHarry
100%
The Woes of Mrs WeasleyHarry
100%
Luna LovegoodHarry
100%
Luna Lovegooda
100%
The Sorting Hat's New SongHarry
100%
The Sorting Hat's New Songas
100%
Professor UmbridgeHarry
100%
Detention with Doloresa
100%
Detention with DoloresHarry
100%
Percy and PadfootHarry
100%
In the Hog's HeadHarry
100%
Educational Decree Number Twenty-fourHarry
100%
Dumbledore's ArmyHarry.
100%
The Lion and the SerpentHarry
100%
The Lion and the Serpentas
100%
The Lion and the Serpenta
100%
The Lion and the Serpentas
100%
Dudley DementedThe
95%
Dudley Dementedof
95%
Dudley Dementedthe
95%
Dudley Dementedto
95%
Dudley Dementedand
95%
Dudley Dementedthe
95%
Dudley Dementedof
95%
The Advance Guardand
95%
The Advance GuardI
95%
Number Twelve Grimmauld Placethe
95%
Number Twelve Grimmauld Placeof
95%
Number Twelve Grimmauld Placethe -?'
95%
The Ministry of Magicthe
95%
The Ministry of Magicand
95%
The Ministry of Magicin
95%
The Ministry of Magichis
95%
The Hearinghe
95%
The Sorting Hat's New Songto
95%
The Sorting Hat's New Songthe
95%
The Sorting Hat's New Songhe
95%
The Sorting Hat's New Songand
95%
The Sorting Hat's New Songthe
95%
The Sorting Hat's New Songhe
95%
The Sorting Hat's New Songthe
95%
The Sorting Hat's New Songhe
95%
The Sorting Hat's New Songthe
95%
The Sorting Hat's New Songand
95%
The Sorting Hat's New Songthe
95%
Professor Umbridgeand
95%
Professor Umbridgethe
95%
Professor Umbridgehis
95%
Detention with Doloresin
95%
Detention with Doloresthe
95%
Detention with Doloresfor
95%
Percy and Padfootto
95%
Percy and Padfootin
95%
Percy and Padfoothis
95%
The Hogwarts High Inquisitorto
95%
The Hogwarts High Inquisitorto
95%
The Hogwarts High Inquisitorto
95%
The Hogwarts High Inquisitorthe
95%
The Hogwarts High Inquisitorin
95%
The Hogwarts High Inquisitorhis
95%
In the Hog's HeadHermione
95%
In the Hog's Headno
95%
In the Hog's Headof
95%
In the Hog's Headthe
95%
In the Hog's Headfor
95%
In the Hog's Headher
95%
Educational Decree Number Twenty-fourfor
95%
Educational Decree Number Twenty-fourthe
95%
Educational Decree Number Twenty-fourof
95%
Educational Decree Number Twenty-fourthe
95%
Educational Decree Number Twenty-fourhe
95%
The Lion and the Serpenthe
95%
The Lion and the Serpentof
95%
The Lion and the Serpenthis
95%
The Lion and the Serpentthe
95%
The Lion and the Serpentand
95%
The Lion and the Serpentfor
95%
The Lion and the Serpentto
95%
The Lion and the Serpenthe
95%
The Lion and the Serpenther
95%
Dudley Dementedday
90%
Dudley Dementedsummer
90%
Dudley Dementedso
90%
Dudley Dementedwas
90%
A Peck of Owls'What?'
90%
The Advance Guardbeen
90%
The Advance Guardbe
90%
The Ministry of Magicnext
90%
The Ministry of Magicmorning
90%
The Hearingnot
90%
The Sorting Hat's New Songdid
90%
The Sorting Hat's New Songnot
90%
The Sorting Hat's New Songwas
90%
The Sorting Hat's New Songwhat
90%
Hint Answer % Correct
The Sorting Hat's New Songit
90%
The Sorting Hat's New Songwas,
90%
The Sorting Hat's New Songso
90%
Professor Umbridgenext
90%
Professor Umbridgemorning
90%
Professor Umbridgeon
90%
Detention with Doloreswas
90%
Detention with Doloresnot
90%
Percy and Padfootwas
90%
Percy and Padfootnext
90%
Percy and Padfootmorning.
90%
The Hogwarts High Inquisitornext
90%
The Hogwarts High Inquisitormorning
90%
Educational Decree Number Twenty-fournext
90%
Dumbledore's Armybeen
90%
The Lion and the Serpentnext
90%
The Lion and the Serpentit
90%
The Ministry of Magicat
85%
The Ministry of Magichad
85%
The Hearingcould
85%
Luna Lovegoodhad
85%
The Sorting Hat's New Songthat
85%
The Sorting Hat's New Songthat
85%
Professor Umbridgeat
85%
Professor Umbridgehad
85%
Detention with Doloresthat
85%
The Hogwarts High InquisitorThey
85%
The Hogwarts High Inquisitorhad
85%
The Hogwarts High Inquisitorhad
85%
In the Hog's HeadDark
85%
Educational Decree Number Twenty-fourhad
85%
Dumbledore's Army'Umbridge
85%
Dumbledore's Armyhas
85%
The Lion and the Serpentthat
85%
Dudley Dementedclose
80%
Dudley DementedPrivet
80%
Dudley DementedDrive.
80%
The Advance Guardjust
80%
The Advance Guardfrom
80%
The Noble and Most Ancient House of BlackMrs
80%
The Noble and Most Ancient House of BlackWeasley
80%
The Ministry of Magicif
80%
The Sorting Hat's New Songwere
80%
The Sorting Hat's New Songif
80%
The Sorting Hat's New Songhim.
80%
Percy and Padfootfirst
80%
Percy and Padfootup
80%
In the Hog's Headmade
80%
In the Hog's Headweeks
80%
The Lion and the Serpentthough
80%
The Lion and the Serpentwere
80%
The Lion and the Serpentweeks,
80%
The Lion and the Serpenthim
80%
The Lion and the Serpentmade
80%
The Lion and the Serpenthim
80%
The Advance GuardIv'e
75%
The Advance Guardby
75%
The Advance GuardHogwarts
75%
Number Twelve Grimmauld Place'What's
75%
Number Twelve Grimmauld PlaceOrder
75%
The Order of the Phoenix'Your -?'
75%
The Woes of Mrs Weasleyby
75%
Professor Umbridgedormitory
75%
Professor Umbridgebefore
75%
Percy and Padfootwake
75%
Percy and Padfootdormitory
75%
In the Hog's Headmention
75%
In the Hog's HeadAgainst
75%
In the Hog's HeadArts
75%
In the Hog's Headtwo
75%
Educational Decree Number Twenty-fourfelt
75%
Educational Decree Number Twenty-fourall
75%
Dumbledore's Armyyour
75%
The Lion and the Serpentfelt
75%
The Lion and the Serpenttwo
75%
Dudley Dementedhottest
70%
Dudley Dementeddrawing
70%
The Advance GuardDementors
70%
The Noble and Most Ancient House of Blackthem
70%
The Ministry of Magicfive
70%
The Sorting Hat's New Songwant
70%
The Sorting Hat's New SongLuna
70%
The Sorting Hat's New Songsaid
70%
The Sorting Hat's New Songdown
70%
Professor Umbridgeeven
70%
Detention with DoloresGreat
70%
Detention with DoloresHall
70%
In the Hog's HeadDefence
70%
Dumbledore's Armyreading
70%
The Lion and the Serpentsome
70%
The Lion and the Serpenteven
70%
Dudley Dementedfar
65%
Dudley Dementedover
65%
The Advance Guardattacked
65%
The Ministry of Magicear.
65%
The Woes of Mrs WeasleyDumbledore's
65%
The Sorting Hat's New Songsat
65%
The Sorting Hat's New Songcarriage
65%
Professor UmbridgeSeamus
65%
Hint Answer % Correct
Professor Umbridgeleft
65%
Professor Umbridgeput
65%
Detention with Doloresnight
65%
The Hogwarts High Inquisitorhave
65%
The Hogwarts High InquisitorHermione's
65%
In the Hog's Headlessons
65%
Educational Decree Number Twenty-fourrest
65%
Educational Decree Number Twenty-fourterm
65%
Dumbledore's Armymail
65%
The Lion and the Serpentover
65%
The Lion and the Serpentlooked
65%
The Advance Guardmight
60%
The Advance Guardexpelled
60%
The Ministry of Magicawoke
60%
The Hearinghelp
60%
The Hearinghimself.
60%
The Woes of Mrs Weasleytook
60%
The Woes of Mrs Weasleysurprise.
60%
The Sorting Hat's New Songtell
60%
The Sorting Hat's New Songothers
60%
The Sorting Hat's New Songsame
60%
The Sorting Hat's New Songmore
60%
The Sorting Hat's New Songinside
60%
The Hogwarts High Inquisitorfind
60%
The Hogwarts High Inquisitorletter
60%
In the Hog's Headafter
60%
Educational Decree Number Twenty-fourthan
60%
The Lion and the Serpentkind
60%
The Lion and the Serpentinside
60%
The Lion and the Serpentthrough
60%
The Lion and the Serpenteyes.
60%
Dudley Dementedlarge,
55%
Dudley Dementedhouses
55%
The Noble and Most Ancient House of Blacklooking
55%
The Ministry of Magicsomebody
55%
Professor Umbridgedressed
55%
The Hogwarts High InquisitorDaily
55%
The Hogwarts High InquisitorProphet
55%
The Hogwarts High InquisitorPercy
55%
In the Hog's Headwhole
55%
Educational Decree Number Twenty-fourhappier
55%
The Lion and the Serpentclasses
55%
The Noble and Most Ancient House of Blackupstairs
50%
The Woes of Mrs Weasleydeparture
50%
The Woes of Mrs Weasleycompletely
50%
The Sorting Hat's New Songhaving
50%
The Sorting Hat's New Songhorses
50%
Detention with DoloresDinner
50%
The Hogwarts High Inquisitorarticle
50%
The Hogwarts High Inquisitormentioned
50%
In the Hog's Headgiving
50%
The Lion and the SerpentUmbridge's
50%
The Lion and the Serpentinto
50%
Dudley Dementedlay
45%
The Noble and Most Ancient House of Blackgrim.
45%
The Ministry of Magicpast
45%
The Ministry of Magiccompletely
45%
The Ministry of Magicyelled
45%
The Sorting Hat's New Songnothing
45%
The Sorting Hat's New Songabout
45%
Professor Umbridgetop
45%
Professor Umbridgespeed
45%
The Lion and the Serpentcarrying
45%
The Lion and the Serpentchest
45%
The Lion and the Serpentpossible
45%
Dudley Dementedsilence
40%
Dudley Dementedsquare
40%
The Noble and Most Ancient House of Blackfollowed
40%
The Ministry of Magichalf
40%
The Hearinggasped;
40%
Luna Lovegoodnight's
40%
Luna Lovegoodsleep
40%
Professor Umbridgesocks.
40%
Detention with Dolorespleasant
40%
Detention with Doloresexperience
40%
The Hogwarts High Inquisitorexpected
40%
The Hogwarts High Inquisitorcomb
40%
In the Hog's Headsuggestion.
40%
Educational Decree Number Twenty-fourdone
40%
The Lion and the Serpenttalisman
40%
Dudley Dementeddrowsy
35%
The Woes of Mrs Weasleyabrupt
35%
The Sorting Hat's New Songhallucination,
35%
Educational Decree Number Twenty-fourweekend
35%
The Lion and the Serpentsmile
35%
Luna Lovegoodtroubled
30%
The Sorting Hat's New Songdoor
30%
The Sorting Hat's New Songbehind
30%
The Hogwarts High Inquisitorcarefully
30%
The Ministry of Magicabruptly
25%
The Sorting Hat's New Songslammed
25%
The Lion and the Serpentsecret
25%
In the Hog's Headoriginal
20%
The Lion and the Serpentglowing
20%
The Lion and the Serpentblandly
20%
The Lion and the Serpentsupported
15%
The Lion and the Serpenthorrible
15%
The Lion and the Serpentbulding
0%

You're not logged in!

Compare scores with friends on all Sporcle quizzes.
OR
Log In

Sporcle TV

Today on Sporcle TV


Watch our educational content, quiz creation guides, and fun videos on Sporcle TV.

Show Comments

Extras

Created Aug 14, 2019ReportNominate
Tags:Harry Potter Quiz

Top Quizzes Today


Score Distribution

Your Account Isn't Verified!

In order to create a playlist on Sporcle, you need to verify the email address you used during registration. Go to your Sporcle Settings to finish the process.

Report this User

Report this user for behavior that violates our Community Guidelines.

Details: